| 000 | 00755nam a2200193 a 4500 | ||
|---|---|---|---|
| 003 | 0 | ||
| 005 | 20250324115440.0 | ||
| 008 | 071121s19uu xx 00 eng d | ||
| 050 |
_aPHS LB 3060.33.M3 _b.B886 2007 |
||
| 100 | _aBruce, Sofian Gerhard E. | ||
| 245 |
_aEffects of personal variables on the Math achievement of students / _cSofian Gerhard E. Bruce. |
||
| 260 |
_aLas PiƱas City, Philippines : _bSouthville International School and Colleges, _c2007. |
||
| 300 |
_a23 pages : _billustrations ; _c28 cm. |
||
| 504 | _aIncludes bibliographical references. | ||
| 650 |
_aMathematics _xStudy and teaching. |
||
| 650 |
_aAcademic achievement _xPsychological aspects. |
||
| 650 |
_aEducational tests and measurements _xMathematics. |
||
| 942 |
_2lcc _cPASS |
||
| 999 |
_c97802 _d97802 |
||